000 00653nam a2200217Ia 4500
005 20250508162019.0
008 008 250505s9999 xx 000 0 eng d
020 _a0-201-00902-1
037 _aTextual
040 _aFEDL
_beng
_cFEDL
041 _aeng
_2eng
084 _a155.5, CUR
_qFEDL
100 _aCurtis Thomas E.
_9772053
245 0 _aCurriculum and instruction for emerging adolescents
260 _aMassachusetts, USA
_bAddison - Wesley Publishing Company
_c1977
300 _aix,332p.
650 _aChild Psychology
700 _a Bidwell Wilma W.
_9772054
942 _cTEXL
_h155.5, CUR
999 _c1373834
_d1373834